000 00949nam a2200265Ia 4500
003 OSt
005 20221005113159.0
006 a|||||r|||| 00| 0
007 ta
008 221004b |||||||| |||| 00| 0 pan d
020 _a9788193908365 (hbk)
_cINR 150.00
024 _a65444
037 _b1191, 06/02/2020, H.K. Prakashan
_cTextual
040 _aCRL
_cCRL
_bpan
041 _2pan
_apan
082 _aO153,3NRAx, Q9
100 _aਰੰਗੂਵਾਲ, ਨਗਿੰਦਰ ਸਿੰਘ, ਂਚ.
245 0 _aਤਾਰੋ
260 _aਨੁਧਿਆਨਾ
_bੋਸੁਮਿਤ ਪ੍ਰਕਾFਨ ਭਾਰਤ
_c2019
300 _a80ਪ0
_ccm.
650 _a ਪੰਜਾਬੀ ਕਹਾਣੀ
650 _aਪੰਜਾਬੀ ਸਾਹਿਤ
942 _hO153,3NRAx, Q9
_cTEXL
_2cc
999 _c1027317
_d1027317